[Event "Forchheim op-A 13th"]
[Site "Forchheim"]
[Date "2014.10.03"]
[Round "2"]
[White "Willim, Michael"]
[Black "Muth, Matthias Potisarath"]
[Result "0-1"]
[WhiteElo "2137"]
[BlackElo "2040"]
[PlyCount "86"]
[EventDate "2014.10.03"]
[EventType "swiss"]
[EventRounds "5"]
[EventCountry "GER"]
[SourceTitle "EXT 2019"]
[Source "ChessBase"]
[SourceDate "2018.10.10"]
[SourceVersion "1"]
[SourceVersionDate "2018.10.10"]
[SourceQuality "1"]

1. c4 e5 2. g3 f5 3. Bg2 Nf6 4. Nc3 d6 5. e3 Be7 6. Nge2 0-0 7. 0-0 c6 8. d4 Nbd7 9. b3 Re8 10. Qc2 Nf8 11. c5 dxc5 12. dxe5 Ng4 13. f4 Be6 14. Na4 Nd7 15. e4 g6 16. exf5 gxf5 17. b4 cxb4 18. Nd4 Nf8 19. Nxe6 Nxe6 20. Rd1 Qc8 21. h3 Nh6 22. Be3 Qc7 23. Qb3 Bf8 24. Kh2 Kh8 25. Rd2 b5 26. Nb2 a5 27. Rc1 Ra6 28. Qd1 Rd8 29. Rxd8 Nxd8 30. Rc2 Ne6 31. Rd2 Qf7 32. Rd7 Qg6 33. Bf1 Ra8 34. Be2 Qg8 35. g4 Bc5 36. Bxc5 Nxc5 37. Rd6 Qxa2 38. Qd4 Ne6 39. Qd2 a4 40. gxf5 Nxf5 41. Rxc6 a3 42. Qd7 axb2 43. Rxe6 b1Q 0-1

[Event "Hessenliga 1314"]
[Site "Germany"]
[Date "2013.11.03"]
[Round "3.6"]
[White "Muth, Matthias Potisarath"]
[Black "Guenzler, Richard"]
[Result "1-0"]
[WhiteElo "2040"]
[BlackElo "1957"]
[PlyCount "65"]
[EventDate "2013.09.29"]
[EventType "team-tourn"]
[EventRounds "9"]
[EventCountry "GER"]
[SourceTitle "EXT 2015"]
[Source "ChessBase"]
[SourceDate "2014.11.20"]
[SourceVersion "1"]
[SourceVersionDate "2014.11.20"]
[SourceQuality "1"]
[WhiteTeam "Gelnhausen"]
[BlackTeam "Nied"]
[WhiteTeamCountry "GER"]
[BlackTeamCountry "GER"]

1. c4 e5 2. g3 d6 3. Bg2 f5 4. Nc3 Nf6 5. e3 g6 6. Nge2 Bg7 7. 0-0 0-0 8. d3 c6 9. f4 Be6 10. c5 exf4 11. Nxf4 Bf7 12. cxd6 Qxd6 13. Qc2 Na6 14. a3 Nc5 15. b4 Nb3 16. Rb1 Nxc1 17. Rbxc1 Ng4 18. Nd1 a5 19. h3 axb4 20. hxg4 bxa3 21. gxf5 gxf5 22. d4 Rfc8 23. Qxf5 Bg6 24. Nxg6 Qxg6 25. Bd5+ Kh8 26. Qxg6 hxg6 27. Ba2 b5 28. Rc2 Bxd4 29. Rh2+ Kg7 30. Rf7+ Kg8 31. exd4 Rd8 32. Rc7+ Rd5 33. Rxc6 1-0

[Event "Hessenliga 1314"]
[Site "Germany"]
[Date "2013.09.29"]
[Round "1.7"]
[White "Muth, Matthias Potisarath"]
[Black "Herda, Christoph"]
[Result "1-0"]
[WhiteElo "2040"]
[BlackElo "1917"]
[PlyCount "69"]
[EventDate "2013.09.29"]
[EventType "team-tourn"]
[EventRounds "9"]
[EventCountry "GER"]
[SourceTitle "EXT 2015"]
[Source "ChessBase"]
[SourceDate "2014.11.20"]
[SourceVersion "1"]
[SourceVersionDate "2014.11.20"]
[SourceQuality "1"]
[WhiteTeam "Gelnhausen"]
[BlackTeam "Fulda"]
[WhiteTeamCountry "GER"]
[BlackTeamCountry "GER"]

1. d4 Nf6 2. c4 c5 3. d5 b5 4. cxb5 a6 5. bxa6 g6 6. a7 Rxa7 7. Nc3 d6 8. e4 Bg7 9. Bb5+ Bd7 10. Qd3 0-0 11. a4 Qb6 12. Bxd7 Nbxd7 13. Nb5 Ne5 14. Qe2 Ra6 15. f4 Ned7 16. Nf3 Rfa8 17. Qc4 Qb7 18. Nc3 Qb4 19. Nd2 Nb6 20. Qe2 Nxa4 21. Nd1 R6a7 22. 0-0 Nb6 23. Ra3 Qd4+ 24. Re3 Nfd7 25. Kh1 c4 26. Nc3 Qc5 27. Rg3 Qb4 28. h4 h5 29. e5 Kh7 30. e6 fxe6 31. dxe6 Nf8 32. f5 Ra5 33. Rg5 Bf6 34. fxg6+ Nxg6 35. Qxh5+ 1-0

[Event "Hessenliga 1213"]
[Site "Germany"]
[Date "2013.03.03"]
[Round "7.6"]
[White "Reh, Philipp"]
[Black "Muth, Matthias Potisarath"]
[Result "1/2-1/2"]
[WhiteElo "2056"]
[BlackElo "2027"]
[PlyCount "33"]
[EventDate "2012.09.16"]
[EventType "team-tourn"]
[EventRounds "9"]
[EventCountry "GER"]
[SourceTitle "EXT 2014"]
[Source "ChessBase"]
[SourceDate "2013.11.20"]
[SourceVersion "1"]
[SourceVersionDate "2013.11.20"]
[SourceQuality "1"]
[WhiteTeam "Fulda"]
[BlackTeam "Gelnhausen"]
[WhiteTeamCountry "GER"]
[BlackTeamCountry "GER"]

1. Nf3 d5 2. g3 Nf6 3. Bg2 c5 4. 0-0 Nc6 5. d3 e5 6. Bg5 Be6 7. c3 Qc7 8. Bxf6 gxf6 9. Nbd2 Be7 10. a3 f5 11. Ne1 h5 12. c4 d4 13. b4 cxb4 14. Nc2 bxa3 15. Nxa3 Bxa3 16. Rxa3 h4 17. Qb3 1/2-1/2

[Event "Hessenliga 1213"]
[Site "Germany"]
[Date "2013.01.27"]
[Round "5.4"]
[White "Will, Dominik"]
[Black "Muth, Matthias Potisarath"]
[Result "0-1"]
[WhiteElo "2085"]
[BlackElo "2027"]
[PlyCount "86"]
[EventDate "2012.09.16"]
[EventType "team-tourn"]
[EventRounds "9"]
[EventCountry "GER"]
[SourceTitle "EXT 2014"]
[Source "ChessBase"]
[SourceDate "2013.11.20"]
[SourceVersion "1"]
[SourceVersionDate "2013.11.20"]
[SourceQuality "1"]
[WhiteTeam "Bad Nauheim"]
[BlackTeam "Gelnhausen"]
[WhiteTeamCountry "GER"]
[BlackTeamCountry "GER"]

1. e4 c5 2. Nf3 Nc6 3. d4 cxd4 4. Nxd4 Nf6 5. Nc3 e5 6. Ndb5 d6 7. Bg5 a6 8. Na3 b5 9. Bxf6 gxf6 10. Nd5 Bg7 11. c3 0-0 12. Nc2 Ne7 13. Nxe7+ Qxe7 14. Ne3 Be6 15. Qh5 Qb7 16. Bd3 b4 17. c4 b3 18. a3 Qb6 19. 0-0 Qd4 20. Qe2 a5 21. Rad1 Qc5 22. Nd5 Rfe8 23. Qf3 Bxd5 24. exd5 e4 25. Bxe4 Qxc4 26. Bd3 Qh4 27. g3 Qg5 28. Bb5 Reb8 29. a4 f5 30. Qxb3 f4 31. Qa3 Be5 32. Kh1 Kh8 33. b4 axb4 34. Qxb4 Qh5 35. Qb3 Rg8 36. Kg2 Rg7 37. Rd3 Rag8 38. Qd1 Qh4 39. Qb3 fxg3 40. fxg3 Qe4+ 41. Kh3 Rg6 42. Rdf3 Rh6+ 43. Kg2 Qh4 0-1

[Event "Karl Mala Memorial op 15th"]
[Site "Frankfurt"]
[Date "2012.07.07"]
[Round "5"]
[White "Muth, Matthias Potisarath"]
[Black "Nabavi, Parwis"]
[Result "1/2-1/2"]
[WhiteElo "2027"]
[BlackElo "2164"]
[PlyCount "86"]
[EventDate "2012.07.05"]
[EventType "swiss"]
[EventRounds "7"]
[EventCountry "GER"]
[SourceTitle "CBM 149 Extra"]
[Source "ChessBase"]
[SourceDate "2012.08.24"]
[SourceVersion "1"]
[SourceVersionDate "2012.08.24"]
[SourceQuality "1"]

1. d4 d5 2. Nf3 Nf6 3. e3 e6 4. c4 c6 5. Nc3 Nbd7 6. Qc2 Bd6 7. Be2 0-0 8. 0-0 b6 9. cxd5 cxd5 10. Nb5 Qe7 11. Qc6 Ba6 12. Nc3 Rfc8 13. Qa4 Bxe2 14. Nxe2 a6 15. Bd2 Rc4 16. Qb3 Ne4 17. Nc3 f5 18. Be1 b5 19. Nd2 Nxd2 20. Bxd2 Nb6 21. Rac1 Rac8 22. Ne2 Qh4 23. g3 Qg4 24. Nf4 Bxf4 25. exf4 Qe2 26. Rxc4 Qxc4 27. Qa3 Qc6 28. b3 Qb7 29. Qd6 Kf7 30. Bb4 Qc7 31. Qxc7+ Rxc7 32. Ba5 Rc6 33. Bxb6 Rxb6 34. Rc1 b4 35. Rc7+ Kf6 36. Kg2 h6 37. h4 g6 38. f3 h5 39. Kf2 Rb5 40. Ke3 Ra5 41. Rc2 Ke7 42. Kd3 Kd7 43. Kd2 Rb5 1/2-1/2

[Event "Main Vogelsberg op 7th"]
[Site "Hanau"]
[Date "2012.06.08"]
[Round "3"]
[White "Muth, Matthias Potisarath"]
[Black "Konik, Michael"]
[Result "1-0"]
[WhiteElo "2022"]
[BlackElo "2076"]
[PlyCount "135"]
[EventDate "2012.06.07"]
[EventType "swiss"]
[EventRounds "7"]
[EventCountry "GER"]
[SourceTitle "EXT 2013"]
[Source "ChessBase"]
[SourceDate "2012.11.22"]
[SourceVersion "1"]
[SourceVersionDate "2012.11.22"]
[SourceQuality "1"]

1. e4 d5 2. exd5 Qxd5 3. Nc3 Qd6 4. d4 Nf6 5. Nf3 g6 6. Bc4 Bg7 7. 0-0 0-0 8. Ne5 a6 9. Bf4 c5 10. Nxg6 Qxd4 11. Nxe7+ Kh8 12. Qxd4 cxd4 13. Ncd5 Nxd5 14. Nxd5 Be6 15. Nb6 Bxc4 16. Nxc4 Nc6 17. Nb6 Rad8 18. Bc7 Nb4 19. Bxd8 Rxd8 20. c3 dxc3 21. bxc3 Bxc3 22. Rad1 Bd4 23. Nc4 Nxa2 24. Ne5 Kg7 25. Nf3 Bf6 26. Rxd8 Bxd8 27. Rd1 Bf6 28. Rd7 b5 29. Ra7 Nb4 30. Kf1 h6 31. Nd2 Bd4 32. Ra8 Bc3 33. Nb3 Nc6 34. Rxa6 Ne5 35. Ke2 b4 36. Rb6 Ng6 37. Rb7 Nf4+ 38. Kf3 Nd3 39. Ke3 Ne5 40. f3 Nc4+ 41. Ke2 Nd6 42. Rb8 Nc4 43. g4 Ne5 44. Rb7 Nc4 45. Nc5 Na5 46. Rb5 Nc4 47. Nd3 Na3 48. Rb7 Nc2 49. Rc7 Nd4+ 50. Ke3 Nb5 51. Rb7 Na3 52. Kf4 Nc2 53. Ne5 Kf6 54. Nxf7 Nd4 55. Nxh6 b3 56. Rb6+ Ne6+ 57. Ke4 Ke7 58. Kd3 Be5 59. Nf5+ Kf7 60. h4 b2 61. Kc2 Nf4 62. h5 Ng2 63. g5 Ne1+ 64. Kd1 Nxf3 65. g6+ Kf8 66. h6 Ng5 67. g7+ Kf7 68. Rb7+ 1-0

[Event "Hessen-ch U16"]
[Site "Bad Homburg"]
[Date "2012.??.??"]
[Round "6"]
[White "Dittmar, Lars"]
[Black "Muth, Matthias Potisarath"]
[Result "0-1"]
[WhiteElo "1764"]
[BlackElo "2022"]
[PlyCount "102"]
[EventDate "2012.04.??"]
[EventType "swiss"]
[EventRounds "9"]
[EventCountry "GER"]
[SourceTitle "EXT 2015"]
[Source "ChessBase"]
[SourceDate "2014.11.20"]
[SourceVersion "1"]
[SourceVersionDate "2014.11.20"]
[SourceQuality "1"]

1. e4 c5 2. Nf3 Nc6 3. d4 cxd4 4. Nxd4 Nf6 5. Nc3 e5 6. Ndb5 d6 7. Bg5 a6 8. Na3 b5 9. Nd5 Be7 10. Bxf6 Bxf6 11. Be2 0-0 12. 0-0 Be6 13. Nxf6+ gxf6 14. c3 f5 15. exf5 Bxf5 16. Nc2 Bg6 17. Ne3 Ne7 18. Qd2 Qc7 19. Rad1 Rad8 20. Nd5 Nxd5 21. Qxd5 Kh8 22. Bd3 f5 23. f3 Qc5+ 24. Qxc5 dxc5 25. Bc2 Kg7 26. Rfe1 Kf6 27. Kf2 a5 28. b3 b4 29. c4 Rd4 30. Rxd4 cxd4 31. g3 Rd8 32. Bd3 Re8 33. Rd1 e4 34. Bc2 d3 35. Bxd3 exd3 36. Rxd3 f4 37. Rd5 fxg3+ 38. hxg3 Ra8 39. c5 Bb1 40. c6 Ke6 41. Rd1 Bxa2 42. c7 Rc8 43. Ra1 Bxb3 44. Rxa5 Bc2 45. Rb5 b3 46. Ke2 Rxc7 47. Kd2 Kd6 48. g4 Kc6 49. Rb8 Rb7 50. Rc8+ Kd7 51. Rxc2 bxc2 0-1

[Event "Hessen-ch U16"]
[Site "Bad Homburg"]
[Date "2012.??.??"]
[Round "2"]
[White "Roling, Alexander"]
[Black "Muth, Matthias Potisarath"]
[Result "1/2-1/2"]
[WhiteElo "1764"]
[BlackElo "2022"]
[PlyCount "134"]
[EventDate "2012.04.??"]
[EventType "swiss"]
[EventRounds "9"]
[EventCountry "GER"]
[SourceTitle "EXT 2015"]
[Source "ChessBase"]
[SourceDate "2014.11.20"]
[SourceVersion "1"]
[SourceVersionDate "2014.11.20"]
[SourceQuality "1"]

1. d4 d5 2. c4 e6 3. Nc3 Nf6 4. cxd5 exd5 5. Bg5 Be7 6. e3 0-0 7. Bd3 b6 8. Nge2 Bb7 9. Qc2 h6 10. Bxf6 Bxf6 11. Nf4 Bg5 12. Nce2 Re8 13. 0-0 Nd7 14. Bb5 c6 15. Ba4 b5 16. Bb3 a5 17. a3 Rc8 18. Nd3 Qe7 19. Nef4 Qe4 20. Nh3 a4 21. Ba2 c5 22. Nxg5 hxg5 23. Ne1 cxd4 24. Qxe4 Rxe4 25. exd4 Rxd4 26. Nf3 Rf4 27. Rfd1 g4 28. Bxd5 Bxd5 29. Rxd5 gxf3 30. Rxd7 fxg2 31. Rad1 Rc5 32. Kxg2 Rg5+ 33. Kf1 Rh4 34. R7d5 Rgg4 35. Rxb5 Rxh2 36. Rb8+ Kh7 37. Rdd8 Kg6 38. Rd6+ f6 39. Ra8 Rc4 40. Rd2 Kg5 41. Rg8 g6 42. Rd5+ f5 43. Rgd8 Rh1+ 44. Ke2 Re4+ 45. Kf3 Rhh4 46. Rd2 Rhg4 47. Rh8 Re6 48. Rh3 Rb6 49. Rg3 Rb3+ 50. Kg2 Rbxg3+ 51. fxg3 f4 52. Rd5+ Kf6 53. Kf3 Rxg3+ 54. Kxf4 Rg2 55. Ra5 g5+ 56. Kf3 Rxb2 57. Rxa4 Rb5 58. Ra6+ Kf5 59. Ra8 g4+ 60. Kg3 Rb3+ 61. Kg2 Rc3 62. Rf8+ Ke5 63. Rg8 Rc4 64. Kg3 Kf5 65. Rf8+ Ke6 66. Rg8 Ra4 67. Rxg4 Rxa3+ 1/2-1/2

[Event "GER-ch U16"]
[Site "Oberhof"]
[Date "2011.06.18"]
[Round "9"]
[White "Muth, Matthias Potisarath"]
[Black "Kuegel, Tobias"]
[Result "1/2-1/2"]
[WhiteElo "1908"]
[BlackElo "2024"]
[PlyCount "109"]
[EventDate "2011.06.11"]
[EventType "swiss"]
[EventRounds "9"]
[EventCountry "GER"]
[SourceTitle "CBM 142 Extra"]
[Source "ChessBase"]
[SourceDate "2011.06.27"]
[SourceVersion "1"]
[SourceVersionDate "2011.06.27"]
[SourceQuality "1"]

1. c4 e5 2. g3 c5 3. Bg2 Nc6 4. Nc3 g6 5. d3 Bg7 6. Nf3 Nge7 7. 0-0 d6 8. Rb1 0-0 9. a3 a5 10. Ne1 Be6 11. Nc2 d5 12. cxd5 Nxd5 13. Ne3 Nde7 14. Ne4 b6 15. Bd2 h6 16. Bc3 f5 17. Nd2 f4 18. Nc2 Nd5 19. Ne4 Rc8 20. Bd2 Nd4 21. Nxd4 exd4 22. b4 cxb4 23. axb4 Nc3 24. Bxc3 dxc3 25. Qc2 a4 26. Qxa4 c2 27. Rbc1 Qc7 28. Nc5 bxc5 29. Rxc2 Qb6 30. bxc5 Rxc5 31. Rxc5 Qxc5 32. gxf4 Qd6 33. e3 Qxd3 34. Qc6 Bf5 35. Qd5+ Kh7 36. Qxd3 Bxd3 37. Rd1 Be2 38. Rd2 Bg4 39. h3 Be6 40. Rd6 Rf6 41. h4 Bg4 42. Rd5 Ra6 43. Be4 Re6 44. f3 Bf5 45. Rxf5 Rxe4 46. fxe4 gxf5 47. exf5 Bc3 48. h5 Kg7 49. Kf2 Kf6 50. e4 Bb2 51. Kf3 Bc1 52. Kg4 Bb2 53. Kg3 Bc1 54. Kf3 Bd2 55. Kg4 1/2-1/2

[Event "GER-ch Net qual4 U18"]
[Site "Playchess.com INT"]
[Date "2011.05.11"]
[Round "2"]
[White "Muth, Matthias Potisarath"]
[Black "Ruehrmund, Daniel"]
[Result "1/2-1/2"]
[WhiteElo "1735"]
[BlackElo "1635"]
[PlyCount "94"]
[EventDate "2011.05.11"]
[EventType "swiss (blitz)"]
[EventRounds "7"]
[EventCountry "GER"]
[SourceTitle "CBM 142 Extra"]
[Source "ChessBase"]
[SourceDate "2011.06.27"]
[SourceVersion "1"]
[SourceVersionDate "2011.06.27"]
[SourceQuality "1"]

1. e4 c5 2. d4 cxd4 3. Nf3 e6 4. Nxd4 a6 5. Nc3 Qc7 6. g3 Nf6 7. Bg2 Nc6 8. Nxc6 bxc6 9. 0-0 Be7 10. Bf4 e5 11. Be3 0-0 12. f4 exf4 13. Rxf4 Bd6 14. Rxf6 gxf6 15. Bh6 Kh8 16. Qf3 Qd8 17. Bxf8 Bxf8 18. Rf1 Bg7 19. Qh5 Qe7 20. Bh3 d6 21. Bxc8 Rxc8 22. Qf5 Re8 23. Qa5 Ra8 24. Kg2 Qb7 25. Na4 c5 26. Nc3 Qxb2 27. Rf2 h6 28. Nd5 Qe5 29. Rf4 Qb2 30. Qc7 Qxc2+ 31. Kh3 Qxa2 32. Qxf7 Rf8 33. Qg6 Qe2 34. Ne7 Qc4 35. Qh5 Qe6+ 36. Nf5 Qf7 37. Nxg7 Qxg7 38. Rg4 Qh7 39. Qd5 f5 40. exf5 Qxf5 41. Qxd6 Qf6 42. Qd2 Qf1+ 43. Kh4 Qf6+ 44. Kh5 Qf5+ 45. Kh4 Qf6+ 46. Kh3 Qf1+ 47. Kh4 Qf6+ 1/2-1/2

[Event "GER-ch Net qual4 U18"]
[Site "Playchess.com INT"]
[Date "2011.05.11"]
[Round "1"]
[White "Walter, Florian"]
[Black "Muth, Matthias Potisarath"]
[Result "1-0"]
[WhiteElo "2275"]
[BlackElo "1735"]
[PlyCount "91"]
[EventDate "2011.05.11"]
[EventType "swiss (blitz)"]
[EventRounds "7"]
[EventCountry "GER"]
[SourceTitle "CBM 142 Extra"]
[Source "ChessBase"]
[SourceDate "2011.06.27"]
[SourceVersion "1"]
[SourceVersionDate "2011.06.27"]
[SourceQuality "1"]

1. c4 e5 2. Nc3 d6 3. g3 Nf6 4. Bg2 g6 5. d3 Bg7 6. Nf3 Nbd7 7. 0-0 0-0 8. Rb1 c6 9. b4 Re8 10. Nd2 Nh5 11. b5 cxb5 12. Nxb5 Nc5 13. Ba3 a6 14. Nxd6 Qxd6 15. Ne4 Nxe4 16. Bxd6 Nxd6 17. c5 Nb5 18. Qd2 Rb8 19. a4 Nd4 20. c6 Bg4 21. f3 Be6 22. cxb7 Bd5 23. e3 Ne6 24. f4 exf4 25. Bxd5 fxg3 26. hxg3 Nxg3 27. Rf3 Nh5 28. Qf2 Ng5 29. Bxf7+ Nxf7 30. Rxf7 Bh6 31. e4 Ng7 32. Rf3 Ne6 33. Kh1 Ng5 34. Rf6 Bg7 35. Rxa6 Nh3 36. Qg3 Red8 37. Qxh3 Be5 38. Qe6+ Kg7 39. Qxe5+ Kh6 40. Ra8 Rxb7 41. Rxb7 Rxa8 42. Qf4+ g5 43. Qf5 Rh8 44. Rf7 g4 45. Qxg4 Rb8 46. Rf6# 1-0

[Event "GER-ch Net qual3 U14"]
[Site "Playchess.com INT"]
[Date "2009.05.17"]
[Round "7"]
[White "Mundorf, Johannes"]
[Black "Muth, Matthias Potisarath"]
[Result "1/2-1/2"]
[WhiteElo "1688"]
[BlackElo "1567"]
[PlyCount "182"]
[EventDate "2009.05.17"]
[EventType "swiss (blitz)"]
[EventRounds "7"]
[EventCountry "GER"]
[SourceTitle "CBM 130 Extra"]
[Source "ChessBase"]
[SourceDate "2009.07.02"]
[SourceVersion "2"]
[SourceVersionDate "2009.07.15"]
[SourceQuality "1"]

1. d4 d5 2. Nf3 Nc6 3. g3 Bg4 4. Bg2 e6 5. c4 Nf6 6. Nc3 dxc4 7. 0-0 Bb4 8. Ne5 Nxe5 9. dxe5 Bxc3 10. bxc3 Nd5 11. Qa4+ Qd7 12. Qxc4 Bh5 13. Ba3 0-0-0 14. Rab1 Nb6 15. Qe4 c6 16. Bc5 Bg6 17. Qb4 Bxb1 18. Bxb6 axb6 19. Rxb1 b5 20. a4 bxa4 21. Qxa4 Qc7 22. Qa8+ Qb8 23. Qxb8+ Kxb8 24. Bxc6 Kc7 25. Bf3 Rb8 26. Kf1 Rhd8 27. Ke1 b5 28. Rb4 Rd7 29. Be4 Rbd8 30. Bd3 Rd5 31. f4 Rb8 32. Kd2 h6 33. Ke3 f6 34. exf6 gxf6 35. Ke4 Rc5 36. Rb3 Rh5 37. h4 Rc5 38. Kf3 f5 39. g4 fxg4+ 40. Kxg4 h5+ 41. Kf3 Rg8 42. Rxb5 Rxb5 43. Bxb5 Rg4 44. Bc4 Kd6 45. Bd3 Rxh4 46. Bg6 Rh3+ 47. Kg2 Rxc3 48. Bxh5 Rc4 49. e3 Rc3 50. Kf3 e5 51. f5 Ke7 52. Ke4 Kf6 53. Bg6 Rc4+ 54. Kd5 Rc3 55. Ke4 Ra3 56. Kf3 Ra7 57. Ke2 Ra2+ 58. Kd3 Ra3+ 59. Ke4 Ra4+ 60. Kd5 Rg4 61. e4 Rg3 62. Kc4 Re3 63. Kd5 Rd3+ 64. Kc4 Rd4+ 65. Kc3 Rxe4 66. Kd3 Rf4 67. Ke3 Rg4 68. Bh7 Rg3+ 69. Ke4 Rg4+ 70. Ke3 Rg5 71. Ke4 Rh5 72. Bg6 Rh4+ 73. Ke3 Ra4 74. Kd3 Ra3+ 75. Ke4 Ra4+ 76. Kf3 Rf4+ 77. Ke3 Rxf5 78. Bh7 Rh5 79. Bd3 Rh3+ 80. Ke4 Rh4+ 81. Ke3 Rh3+ 82. Ke2 Rxd3 83. Kxd3 Kf5 84. Ke3 e4 85. Ke2 Kf4 86. Kf2 e3+ 87. Ke2 Ke4 88. Ke1 Kd4 89. Ke2 Ke4 90. Ke1 Kf4 91. Ke2 Ke4 1/2-1/2

[Event "GER-ch Net qual3 U14"]
[Site "Playchess.com INT"]
[Date "2009.05.17"]
[Round "3"]
[White "Muth, Matthias Potisarath"]
[Black "Eigemann, Frederik"]
[Result "1/2-1/2"]
[WhiteElo "1567"]
[BlackElo "1667"]
[PlyCount "89"]
[EventDate "2009.05.17"]
[EventType "swiss (blitz)"]
[EventRounds "7"]
[EventCountry "GER"]
[SourceTitle "CBM 130 Extra"]
[Source "ChessBase"]
[SourceDate "2009.07.02"]
[SourceVersion "2"]
[SourceVersionDate "2009.07.15"]
[SourceQuality "1"]

1. c4 e6 2. g3 b6 3. Bg2 Nc6 4. a3 Bb7 5. b4 Na5 6. Bxb7 Nxb7 7. Nf3 c5 8. b5 d6 9. d3 g6 10. Bb2 Nf6 11. 0-0 Bg7 12. Nbd2 0-0 13. Rb1 Qe7 14. a4 e5 15. Ng5 h6 16. Nge4 Nxe4 17. Nxe4 f5 18. Nc3 Nd8 19. Nd5 Qd7 20. Ra1 Ne6 21. a5 Nc7 22. axb6 Nxd5 23. cxd5 Qxb5 24. Rb1 Qd7 25. b7 Rab8 26. Ba1 Rxb7 27. Rxb7 Qxb7 28. Qa4 Rb8 29. e4 a6 30. f4 exf4 31. Bxg7 Kxg7 32. gxf4 Qb5 33. Ra1 Qxa4 34. Rxa4 Rb6 35. Kf2 Kf6 36. Ke3 g5 37. fxg5+ hxg5 38. Ra2 Ke5 39. exf5 Kxf5 40. Rf2+ Kg6 41. Rg2 Rb4 42. Ra2 Rb6 43. Rg2 Kh5 44. Ke4 Kg6 45. Ke3 1/2-1/2

[Event "GER-ch Net qual2 U14"]
[Site "Playchess.com INT"]
[Date "2009.05.13"]
[Round "1"]
[White "Muth, Matthias Potisarath"]
[Black "Bechler, Lukas"]
[Result "1/2-1/2"]
[WhiteElo "1567"]
[BlackElo "1319"]
[PlyCount "124"]
[EventDate "2009.05.13"]
[EventType "swiss (blitz)"]
[EventRounds "7"]
[EventCountry "GER"]
[SourceTitle "CBM 130 Extra"]
[Source "ChessBase"]
[SourceDate "2009.07.02"]
[SourceVersion "2"]
[SourceVersionDate "2009.07.15"]
[SourceQuality "1"]

1. c4 e6 2. g3 d5 3. cxd5 exd5 4. Bg2 c6 5. d3 Bd6 6. Nf3 Nf6 7. 0-0 Bg4 8. Bg5 Nbd7 9. Nc3 0-0 10. h3 Bxf3 11. Bxf3 h6 12. Bxf6 Qxf6 13. Rb1 Be5 14. Qc2 Bd6 15. Bg2 Rfe8 16. e4 dxe4 17. Nxe4 Qe5 18. Nxd6 Qxd6 19. Rfe1 Nf6 20. Rf1 Rad8 21. Rbd1 Qe6 22. a3 Qd6 23. Qa4 a6 24. Qb3 b5 25. Qc2 c5 26. Rfe1 Rxe1+ 27. Rxe1 Qd4 28. Rc1 Qxd3 29. Qxc5 Qd2 30. Rf1 Qxb2 31. Qb6 Re8 32. Qxa6 Re6 33. Qa8+ Re8 34. Qa5 Rb8 35. Qc7 Re8 36. Qa7 b4 37. axb4 Qxb4 38. Qc7 Qe7 39. Qxe7 Rxe7 40. Rd1 Re2 41. Bf3 Re8 42. Rb1 Ne4 43. Bxe4 Rxe4 44. Kg2 Kh7 45. Rb7 Kg6 46. Rb5 f6 47. Kf3 Re5 48. Rxe5 fxe5 49. Ke4 Kf6 50. g4 g6 51. h4 Ke6 52. f3 Kd6 53. f4 exf4 54. Kxf4 Ke6 55. Ke4 Kf6 56. Kf4 Ke6 57. Kg3 Ke5 58. Kf3 Kf6 59. Ke4 g5 60. hxg5+ Kxg5 61. Kf3 h5 62. gxh5 Kxh5 1/2-1/2